00887 2200313 4500001002100000005001500021035002000036007000300056040001600059100003300075245006900108250001300177300003700190020001800227041000800245082001000253090002100263264004600284336002100330337003000351338002300381650002900404850001000433008004100443504002900484084001600513990002200529990002200551INLIS00000000000447120260525123436 a0010-0122000103ta aSBUPADbind0 aPasaribu, RondangePengarang1 aBagaimana Mengelola Penerbitan Media Sekolah /cPasaribu Rondang a.-cet. 1 a127 hal. :billus. ;c14,6x21 cm a979-497-393-9 aind a070.5 a070.5 RON b 1-20 a.--yogyakarta :bPenerbit Kanisius,c1995 2rdacontentaTeks 2rdamediaaTanpa Perantara 2rdacarrieravolume 4aPenerbitan Media Sekolah aPUPAD260525 0  abibliografi, 126-127 hlm a070.5 RON b a28.231/H/ARPUS-07 a1090/H/ARPUS/2007